Top 10 der betroffenen Covid-19-Länder - 8. April - Statistiken

Allgemein
  • Dieses Quiz wurde 61 mal gespielt
  • Das Durchschnittsergebnis liegt bei 10 aus 14
Antwortstatistiken
Rate pro
Million
Land % Korrekt
1314 Vereinigte Staaten
96%
China
94%
2306 Italien
94%
1730 Frankreich
92%
3170 Spanien
92%
1352 Deutschland
90%
1289 Portugal
67%
1437 Österreich
65%
Vereinigtes Königreich
65%
2690 Schweiz
59%
2019 Belgien
49%
Türkei
41%
Iran
37%
1320 Irland
20%
Keine übereinstimmenden Quizze gefunden
Verteilung der Resultate
Anzahl Personen mit jedem Resultat
Perzentil nach korrekt beantworteten Fragen
Ihre Resultats-Entwicklung
Sie haben dieses Quiz noch nicht gespielt